Anders G. Johanson collection of Civil War material, (Record no. 44471)

MARC details
000 -LEADER
fixed length control field 02545cpcaa2200433 a 4500
001 - CONTROL NUMBER
control field mm 98006400
003 - CONTROL NUMBER IDENTIFIER
control field DLC
005 - DATE AND TIME OF LATEST TRANSACTION
control field 20260227111727.0
008 - FIXED-LENGTH DATA ELEMENTS--GENERAL INFORMATION
fixed length control field 980722|||||||||||| eng
010 ## - LIBRARY OF CONGRESS CONTROL NUMBER
LC control number mm 98006400
Canceled/invalid LC control number mm 98006401
-- mm 98006402
-- mm 98006403
040 ## - CATALOGING SOURCE
Original cataloging agency DLC
Description conventions dacs
Transcribing agency DLC
Modifying agency DLC
072 #7 - SUBJECT CATEGORY CODE
Subject category code W
Source lcmd
100 1# - MAIN ENTRY--PERSONAL NAME
Personal name Johanson, Anders G.,
Relator term collector.
245 10 - TITLE STATEMENT
Title Anders G. Johanson collection of Civil War material,
Inclusive dates 1861-1864.
300 ## - PHYSICAL DESCRIPTION
Extent 4
Type of unit items.
506 0# - RESTRICTIONS ON ACCESS NOTE
Terms governing access Open to research.
520 8# - SUMMARY, ETC.
Summary, etc. General order (1861 November 28; U.S.S. Savannah, near Tybee Island, Ga.) from John S. Missroon, senior officer, concerning the hoisting and lowering of the U.S. flag on the island; petition (1862 January 2) from fifteen seamen aboard the U.S.S. Augusta, South Atlantic Blockading Squadron, addressed to Lieut. Henry L. Howison, executive officer, requesting that he lead an expedition to capture and destroy Confederate schooners operating along the southeastern coast; ALS (1862 August 2; Newport, R.I.) from Samuel Blatchford to Clarence A. Seward relating chiefly to the progress of the Civil War; and order (1864 August 14; New Orleans, La.) of Maj. Gen. Edward Richard Sprigg Canby concerning delivery of Confederate prisoners of war on board the U.S.S. Bienville and U.S.S. Tennessee, side-wheel steamers.
545 0# - BIOGRAPHICAL OR HISTORICAL DATA
Biographical or historical data Collector.
546 ## - LANGUAGE NOTE
Language note Collection material in English.
580 ## - LINKING ENTRY COMPLEXITY NOTE
Linking entry complexity note Forms part of: Miscellaneous Manuscripts collection.
600 10 - SUBJECT ADDED ENTRY--PERSONAL NAME
Personal name Blatchford, Samuel,
Dates associated with a name 1820-1893
Form subdivision Correspondence.
600 10 - SUBJECT ADDED ENTRY--PERSONAL NAME
Personal name Canby, Edward Richard Sprigg,
Dates associated with a name 1817-1873.
600 10 - SUBJECT ADDED ENTRY--PERSONAL NAME
Personal name Howison, Henry L.
600 10 - SUBJECT ADDED ENTRY--PERSONAL NAME
Personal name Missroon, John S.,
Dates associated with a name -1865.
600 10 - SUBJECT ADDED ENTRY--PERSONAL NAME
Personal name Seward, Clarence A.
Fuller form of name (Clarence Armstrong),
Dates associated with a name 1828-1897
Form subdivision Correspondence.
610 10 - SUBJECT ADDED ENTRY--CORPORATE NAME
Corporate name or jurisdiction name as entry element United States.
Subordinate unit Navy.
610 10 - SUBJECT ADDED ENTRY--CORPORATE NAME
Corporate name or jurisdiction name as entry element United States.
Subordinate unit Navy.
-- South Atlantic Blockading Squadron (1861-1865)
610 20 - SUBJECT ADDED ENTRY--CORPORATE NAME
Corporate name or jurisdiction name as entry element Augusta (Side-wheel steamer)
610 20 - SUBJECT ADDED ENTRY--CORPORATE NAME
Corporate name or jurisdiction name as entry element Bienville (Side-wheel steamer)
610 20 - SUBJECT ADDED ENTRY--CORPORATE NAME
Corporate name or jurisdiction name as entry element Savannah (Frigate)
610 20 - SUBJECT ADDED ENTRY--CORPORATE NAME
Corporate name or jurisdiction name as entry element Tennessee (Side-wheel steamer)
651 #0 - SUBJECT ADDED ENTRY--GEOGRAPHIC NAME
Geographic name Georgia
General subdivision History
Chronological subdivision Civil War, 1861-1865.
651 #0 - SUBJECT ADDED ENTRY--GEOGRAPHIC NAME
Geographic name United States
General subdivision History
Chronological subdivision Civil War, 1861-1865.
651 #0 - SUBJECT ADDED ENTRY--GEOGRAPHIC NAME
Geographic name United States
General subdivision History
Chronological subdivision Civil War, 1861-1865
General subdivision Blockades.
651 #0 - SUBJECT ADDED ENTRY--GEOGRAPHIC NAME
Geographic name United States
General subdivision History
Chronological subdivision Civil War, 1861-1865
General subdivision Prisoners and prisons.
656 #7 - INDEX TERM--OCCUPATION
Occupation Collectors.
Source of term itoamc

No items available.

Powered by Koha